000 00823nam a2200193 4500
008 170325b xxu||||| |||| 00| 0 eng d
022 _a01153544
082 _aDPer 338.05 En86 Apr-Jul 2015 v. 15, n. 158-161
100 _919542
_aRubrico, Jenee Grace
245 _aThe P50,00 question:
_b30 smart ways for entrepreneurs to spend a winfall/
_cJenee Grace Rubrico, DulceCastillo-Morales & Joe Esguerra.
246 _aThe fifty thousand question:
_bthirtysmart ways for entrepreneurs to spend a winfall/
260 _aPhilippines:
_bSummit Media,
_cApr-Jul 2015.
300 _av15 n160, pages 50-57:
_billustrations,
_c28 cm.
500 _aEntrepreneur.
650 0 _919543
_aFinance
_xManagement
700 _919544
_aMorales, Dulce Castillo
_eAuthor
700 _919545
_aEsguerra, Joe
_eAuthor
942 _2ddc
_cPER
999 _c6459
_d6459